F1-Kierowcy z największą ilością wygranych Grand Prix - Statystyki

Ogólne statystyki
  • Ten quiz został rozwiązany 134 razy
  • Średni wynik to 11 z 15
Statystyki odpowiedzi
Ilość wygranych Kraj pochodzenia Kierowca % Poprawnych
96 Wielka Brytania Lewis Hamilton
100%
91 Niemcy Michael Schumacher
97%
53 Niemcy Sebastian Vettel
93%
41 Brazylia Ayrton Senna
92%
32 Hiszpania Fernando Alonso
92%
21 Finlandia Kimi Räikkönen
87%
51 Francja Alain Prost
80%
25 Austria Niki Lauda
78%
23 Niemcy Nico Rosberg
69%
24 Argentyna Juan Manuel Fangio
64%
22 Wielka Brytania Damon Hill
50%
31 Wielka Brytania Nigel Mansell
50%
27 Wielka Brytania Jackie Stewart
42%
25 Wielka Brytania Jim Clark
42%
23 Brazylia Nelson Piquet
42%
Nie znaleziono quizów pasujących do podanych kryteriów
Rozkład punktacji
Procent ludzi z każdym wynikiem
Percentyl według liczby udzielonych odpowiedzi
Twoja historia wyników
Nie rozwiązałeś tego quizu